[Event "GER-ch Seniors 21st"]
[Site "Dresden"]
[Date "2009.08.03"]
[Round "1"]
[White "Merettig, Georg"]
[Black "Foerster, Juergen"]
[Result "1-0"]
[WhiteElo "1953"]
[BlackElo "1747"]
[PlyCount "52"]
[EventDate "2009.08.03"]
[EventType "swiss"]
[EventRounds "9"]
[EventCountry "GER"]
[SourceTitle "CBM 131 Extra"]
[Source "ChessBase"]
[SourceDate "2009.09.03"]
[SourceVersion "2"]
[SourceVersionDate "2009.09.16"]
[SourceQuality "1"]

1. Nc3 e5 2. g3 Nf6 3. Bg2 c6 4. Nf3 e4 5. Ng5 d5 6. d3 h6 7. Nh3 exd3 8. cxd3 Bd6 9. 0-0 0-0 10. Nf4 Bf5 11. e3 Nbd7 12. e4 dxe4 13. dxe4 Bxf4 14. Bxf4 Bg4 15. f3 Be6 16. Bd6 Qb6+ 17. Rf2 Rfd8 18. Na4 Qa6 19. Qc2 b5 20. Nc3 c5 21. Rd1 Rdc8 22. e5 Ne8 23. f4 Nxd6 24. Rxd6 Nb6 25. Bxa8 Rxa8 26. f5 Bxa2 1-0

[Event "Bahn-chGT"]
[Site "Winterberg"]
[Date "2004.09.30"]
[Round "5"]
[White "Holz, Peter"]
[Black "Foerster, Juergen"]
[Result "0-1"]
[WhiteElo "1307"]
[BlackElo "1687"]
[PlyCount "58"]
[EventDate "2004.09.26"]
[EventType "swiss"]
[EventRounds "7"]
[EventCountry "GER"]
[SourceTitle "EXT 2013"]
[Source "ChessBase"]
[SourceDate "2012.11.22"]
[SourceVersion "1"]
[SourceVersionDate "2012.11.22"]
[SourceQuality "1"]

1. Nf3 Nf6 2. g3 g6 3. Bg2 Bg7 4. d3 d6 5. Bd2 0-0 6. e4 Ne8 7. Bc3 e5 8. Nbd2 Nc6 9. Nb3 Bg4 10. h3 Be6 11. Ng5 Qxg5 12. Bd2 Qd8 13. g4 f5 14. g5 fxe4 15. Bxe4 d5 16. Bg2 Nd6 17. Qe2 Qe7 18. 0-0-0 Rae8 19. h4 e4 20. h5 Bf5 21. Nc5 Qf7 22. hxg6 Bxg6 23. Rdf1 exd3 24. Qg4 dxc2 25. Nd3 Ne4 26. Qf3 Qxf3 27. Bxf3 Rxf3 28. Kxc2 Nd4+ 29. Kd1 Rxd3 0-1

[Event "Bahn-chGT"]
[Site "Winterberg"]
[Date "2004.09.27"]
[Round "2"]
[White "Hilbig, Klaus"]
[Black "Foerster, Juergen"]
[Result "0-1"]
[WhiteElo "1475"]
[BlackElo "1687"]
[PlyCount "84"]
[EventDate "2004.09.26"]
[EventType "swiss"]
[EventRounds "7"]
[EventCountry "GER"]
[SourceTitle "EXT 2013"]
[Source "ChessBase"]
[SourceDate "2012.11.22"]
[SourceVersion "1"]
[SourceVersionDate "2012.11.22"]
[SourceQuality "1"]

1. d4 d5 2. Nf3 Bf5 3. e3 Nf6 4. Nbd2 Nbd7 5. Bd3 Ne4 6. Nh4 e6 7. Nxf5 exf5 8. 0-0 c5 9. c3 g6 10. f3 Nxd2 11. Bxd2 Bd6 12. a3 c4 13. Bc2 0-0 14. b3 b5 15. b4 Nf6 16. a4 a6 17. Be1 Nh5 18. g4 Qg5 19. Qe2 Rfe8 20. Bd2 Nf4 21. Qe1 Nh3+ 22. Kh1 Qh6 23. e4 g5 24. e5 f6 25. Bxf5 fxe5 26. Bd7 Re7 27. Bc6 Rf8 28. Bxd5+ Kh8 29. Be4 exd4 30. cxd4 Nf4 31. Qf2 Nh3 32. Qg2 Nf4 33. Bxf4 Rxf4 34. axb5 axb5 35. Ra6 Rexe4 36. Rxd6 Qxd6 37. fxe4 Rxf1+ 38. Qxf1 Qf4 39. Qe2 Qc1+ 40. Kg2 c3 41. Kf2 Qb2 42. Ke1 c2 0-1

[Event "Bahn-chG"]
[Site "Bad Wildungen"]
[Date "2000.09.28"]
[Round "5"]
[White "Ooms, Frans"]
[Black "Foerster, Juergen"]
[Result "1-0"]
[WhiteElo "1735"]
[BlackElo "1629"]
[PlyCount "67"]
[EventDate "2000.09.24"]
[EventType "swiss"]
[EventRounds "7"]
[EventCountry "GER"]
[SourceTitle "EXT 2003"]
[Source "ChessBase"]
[SourceDate "2002.11.25"]
[SourceVersion "1"]
[SourceVersionDate "2002.11.25"]
[SourceQuality "1"]

1. e4 e5 2. Nf3 Nc6 3. d4 exd4 4. Nxd4 Nf6 5. Nxc6 bxc6 6. e5 Nd5 7. c4 Nb6 8. Bd3 Bc5 9. 0-0 Ba6 10. Nd2 0-0 11. Qc2 g6 12. Nf3 Re8 13. b3 Bf8 14. Bb2 Bg7 15. Rad1 Bb7 16. c5 Nd5 17. a3 Nf4 18. Bc4 Qe7 19. b4 a5 20. Qd2 Ne6 21. Qxd7 axb4 22. axb4 Ra4 23. Qd2 Nxc5 24. Qc2 Rxb4 25. Ba3 Rxc4 26. Qxc4 Ba6 27. Qxc5 Qxc5 28. Bxc5 Bxf1 29. Kxf1 Bxe5 30. Nxe5 Rxe5 31. Rd8+ Kg7 32. Bd4 f6 33. Bxe5 fxe5 34. Rd7+ 1-0

[Event "Bahn-chG"]
[Site "Bad Wildungen"]
[Date "2000.09.27"]
[Round "4"]
[White "Foerster, Juergen"]
[Black "Gomis, Rico"]
[Result "1-0"]
[WhiteElo "1629"]
[BlackElo "1730"]
[PlyCount "85"]
[EventDate "2000.09.24"]
[EventType "swiss"]
[EventRounds "7"]
[EventCountry "GER"]
[SourceTitle "EXT 2003"]
[Source "ChessBase"]
[SourceDate "2002.11.25"]
[SourceVersion "1"]
[SourceVersionDate "2002.11.25"]
[SourceQuality "1"]

1. d4 g6 2. c4 Bg7 3. Nc3 d6 4. e4 c6 5. Nf3 Nf6 6. Be2 0-0 7. 0-0 Bg4 8. h3 Bxf3 9. Bxf3 Nbd7 10. Be3 a6 11. Qb3 Qc7 12. Rac1 e6 13. d5 exd5 14. cxd5 c5 15. Qc2 b5 16. a3 Rac8 17. Be2 Qb7 18. Qd2 b4 19. axb4 cxb4 20. Na2 Nxe4 21. Qxb4 Qxb4 22. Nxb4 a5 23. Nc6 Bxb2 24. Ne7+ Kg7 25. Rxc8 a4 26. Rxf8 Kxf8 27. Nc6 a3 28. Bc1 Nc3 29. Bc4 Nb6 30. Bxb2 axb2 31. Bd3 Nbxd5 32. g3 f5 33. Bb1 Nb6 34. Nb4 Nc4 35. Na2 Ne2+ 36. Kg2 Nd4 37. Nc3 Na3 38. Bd3 Nb3 39. Nb1 Nc1 40. Nxa3 Nxd3 41. Rd1 Nb4 42. Rxd6 Nc2 43. Nb1 1-0

[Event "Bahn-chG"]
[Site "Baiersbronn"]
[Date "1998.10.31"]
[Round "7"]
[White "Wolf, Manfred"]
[Black "Foerster, Juergen"]
[Result "0-1"]
[WhiteElo "1743"]
[BlackElo "1664"]
[PlyCount "42"]
[EventDate "1998.10.25"]
[EventType "swiss"]
[EventRounds "7"]
[EventCountry "GER"]
[SourceTitle "EXT 2001"]
[Source "ChessBase"]
[SourceDate "2000.11.22"]
[SourceVersion "1"]
[SourceVersionDate "2000.11.22"]
[SourceQuality "1"]

1. d4 d5 2. c4 c6 3. Nf3 e6 4. Nbd2 Nf6 5. e3 Bb4 6. Be2 dxc4 7. Bxc4 0-0 8. 0-0 Re8 9. Bb3 Nbd7 10. Qc2 e5 11. Rd1 exd4 12. Nxd4 Ne5 13. Nc4 Qc7 14. a3 Bc5 15. Nxe5 Qxe5 16. Nf3 Qh5 17. Bc4 Bb6 18. Be2 Bf5 19. Qa4 Re4 20. Rd4 Bxd4 21. Nxd4 Qxe2 0-1

[Event "Bahn-chG"]
[Site "Baiersbronn"]
[Date "1998.10.27"]
[Round "4"]
[White "Koester, Hans Juergen"]
[Black "Foerster, Juergen"]
[Result "1-0"]
[WhiteElo "1784"]
[BlackElo "1664"]
[PlyCount "77"]
[EventDate "1998.10.25"]
[EventType "swiss"]
[EventRounds "7"]
[EventCountry "GER"]
[SourceTitle "EXT 2001"]
[Source "ChessBase"]
[SourceDate "2000.11.22"]
[SourceVersion "1"]
[SourceVersionDate "2000.11.22"]
[SourceQuality "1"]

1. e4 e5 2. Bc4 Nf6 3. d4 Nxe4 4. dxe5 Bc5 5. Bxf7+ Kf8 6. Qf3 Ng5 7. Bxg5 Qxg5 8. Nd2 Qxe5+ 9. Ne2 Qxb2 10. 0-0 Qf6 11. Qd5 Bxf2+ 12. Rxf2 Qxa1+ 13. Rf1 Qxf1+ 14. Nxf1 c6 15. Qb3 d5 16. Bh5 Ke7 17. Qb4+ Kd7 18. Nd4 Na6 19. Bg4+ Kc7 20. Qe7+ Kb6 21. Be2 Nc5 22. a4 a5 23. Nd2 Bd7 24. N2b3 Nxb3 25. cxb3 Rad8 26. b4 axb4 27. a5+ Ka7 28. Qxb4 Rhe8 29. Qb6+ Ka8 30. Nb3 Rb8 31. Bf3 Re1+ 32. Kf2 Rb1 33. a6 Rb2+ 34. Kg3 d4 35. axb7+ Rxb7 36. Qd8+ Ka7 37. Nc5 d3 38. Nxd7 R7b4 39. Bxc6 1-0